Prótesis del miembro superior (Record no. 123016)

MARC details
000 -LEADER
campo de control de longitud fija 00591nam a2200181 4500
001 - NÚMERO DE CONTROL
campo de control 123016
003 - IDENTIFICADOR DE NÚMERO DE CONTROL
campo de control ES-MaACL
005 - FECHA Y HORA DE LA ÚLTIMA TRANSACCIÓN
campo de control 20230906192107.0
007 - CAMPO FIJO DE DESCRIPCIÓN FÍSICA--INFORMACIÓN GENERAL
campo de control de longitud fija t|
008 - DATOS DE LONGITUD FIJA--INFORMACIÓN GENERAL
campo de control de longitud fija 070214s1973 sp r ||||0| spa d
245 00 - MENCIÓN DEL TÍTULO
Título Prótesis del miembro superior
Resto del título : entrenamiento fisioterápico del amputado /
Mención de responsabilidad, etc. por Gisela Trebes ...[et al.] ; prefacio de Götz-Gerd Kuhn.
250 ## - MENCION DE EDICION
Mención de edición 1ª ed.
260 ## - PUBLICACIÓN, DISTRIBUCIÓN, ETC.
Lugar de publicación, distribución, etc. Barcelona :
Nombre del editor, distribuidor, etc. Toray,
Fecha de publicación, distribución, etc. 1973.
300 ## - DESCRIPCIÓN FÍSICA
Extensión XII, 159 p :
Otras características físicas il ;
Dimensiones 24 cm.
700 1# - ENTRADA AGREGADA--NOMBRE PERSONAL
Nombre de persona Trebes, Gisela.
9 (RLIN) 111269
700 1# - ENTRADA AGREGADA--NOMBRE PERSONAL
Nombre de persona Kuhn, Götz-Gerd.
9 (RLIN) 68983
852 ## - LOCALIZACIÓN
Ubicación ES-MaACL
Número de control de estantería C-53830
Sublocalización o colección R.86717
Holdings
Estatus retirado Estado de pérdida Estado de daño No para préstamo Biblioteca de origen Biblioteca actual Ubicación en estantería Fecha de adquisición Fuente de adquisición Total de préstamos Signatura topográfica completa Código de barras Visto por última vez Precio de reemplazo Tipo de ítem Koha
        Biblioteca del Ateneo de Madrid Biblioteca del Ateneo de Madrid Depósito 2 17/01/2008     C-53830 1128187 23/02/2023 23/02/2023 Libro impreso